Who is Allah in Islam? / (Record no. 4784)

MARC details
000 -LEADER
fixed length control field 00599nam a22002172 4500
001 - CONTROL NUMBER
control field 0000000438
005 - DATE AND TIME OF LATEST TRANSACTION
control field 20151217151749.0
008 - FIXED-LENGTH DATA ELEMENTS--GENERAL INFORMATION
fixed length control field 070201s xx 000 0 eng d
020 ## - INTERNATIONAL STANDARD BOOK NUMBER
Terms of availability KES 200
040 ## - CATALOGING SOURCE
Original cataloging agency KABU
Transcribing agency KABU
050 #0 - LIBRARY OF CONGRESS CALL NUMBER
Classification number BP166.2
Item number .A23
100 1# - MAIN ENTRY--PERSONAL NAME
Personal name Abd-Al-Masih.
-- 0000148630
245 10 - TITLE STATEMENT
Title Who is Allah in Islam? /
Statement of responsibility, etc. Abd-Al-Masih.
260 ## - PUBLICATION, DISTRIBUTION, ETC. (IMPRINT)
Place of publication, distribution, etc. Villach, Austria :
Name of publisher, distributor, etc. Light of Life,
Date of publication, distribution, etc. [n.d.]
300 ## - PHYSICAL DESCRIPTION
Extent 108 p. ;
Dimensions 18 cm.
500 ## - GENERAL NOTE
General note Translated from German.
600 10 - SUBJECT ADDED ENTRY--PERSONAL NAME
Personal name God (Islam)
-- 0000148631
908 ## - PUT COMMAND PARAMETER (RLIN)
Put command parameter 070201
950 ## - LOCAL HOLDINGS (RLIN)
-- 1
Holdings
Withdrawn status Lost status Source of classification or shelving scheme Not for loan Home library Current library Date acquired Total Checkouts Full call number Date last seen Price effective from Koha item type
    Library of Congress Classification   Kabarak, Main Campus Kabarak, Main Campus 17/12/2015   BP166.2 .A23 c. 1 17/12/2015 17/12/2015 General Collection
Designed with assistance from East African Informatics Ltd